Development of software for glaucoma detection from retinal images

Uložené v:
Podrobná bibliografia
Hlavný autor: Sakalosh, Oleksandr (Autor)
Ďalší autori: Furman, Dmytro (Vedúci práce)
Médium: Rukopis Kniha
Jazyk:Slovak
English
Vydavateľské údaje: 2025
Predmet:
On-line prístup:http://is.stuba.sk/zp/portal_zp.pl?podrobnosti=175356
Tagy: Pridať tag
Žiadne tagy, Buďte prvý, kto otaguje tento záznam!

MARC

LEADER 00000ntm a22000003a 4500
001 stuzp102830
003 SK-STU
005 20250614211523.4
007 ta
008 150427s2015----xo-----f-mn---000-0-slo-d
040 |a STU  |b slo 
041 0 |a eng 
100 1 |a Sakalosh, Oleksandr  |u 070200  |4 aut  |U FIIT Fakulta informatiky a informačných technológií  |T FIIT Ústav informatiky, informačných systémov a softvérového inžinierstva  |X 112844  |U I200  |Y 179  |7 112844 
242 0 1 |a Vývoj softvéru na detekciu glaukómu zo snímok sietnice  |y slo 
245 1 0 |a Development of software for glaucoma detection from retinal images 
260 |c 2025 
650 4 |a glaucoma  |2 eng 
650 4 |a classification  |2 eng 
650 4 |a machine learning  |2 eng 
650 4 |a klasifikácia  |2 slo 
650 4 |a strojové učenie  |2 slo 
650 4 |a glaukóm  |2 slo 
700 1 |a Furman, Dmytro  |u 070200  |k Z3  |4 ths  |U FIIT Fakulta informatiky a informačných technológií  |T FIIT Ústav informatiky, informačných systémov a softvérového inžinierstva  |X 128675  |U I200  |Y 179  |7 128675 
856 4 |u http://is.stuba.sk/zp/portal_zp.pl?podrobnosti=175356